[Event "Witney op 11th"]
[Site "Witney"]
[Date "2024.11.02"]
[Round "1"]
[White "Wastney, Dylan"]
[Black "Alizada, Eldar"]
[Result "0-1"]
[WhiteElo "1973"]
[BlackElo "2122"]
[PlyCount "96"]
[EventDate "2024.11.02"]
[EventType "swiss"]
[EventRounds "5"]
[EventCountry "ENG"]
[SourceTitle "CB45_2024"]
[Source "ChessBase"]
[SourceDate "2024.11.06"]
[SourceVersion "1"]
[SourceVersionDate "2024.11.06"]
[SourceQuality "1"]

1. e4 e6 2. d4 d5 3. e5 c5 4. c3 Nc6 5. Nf3 Qb6 6. Bd3 cxd4 7. 0-0 Bd7 8. Re1 Nge7 9. h4 h5 10. Nbd2 g6 11. Rb1 Nf5 12. a3 Nce7 13. cxd4 Nxd4 14. b4 Bb5 15. Bxb5+ Nxb5 16. Bb2 Nf5 17. a4 Nc7 18. Bc3 Be7 19. b5 a5 20. Nb3 Bb4 21. Bxb4 axb4 22. Ra1 0-0 23. Qd2 Rfc8 24. Rec1 d4 25. Qxb4 Nd5 26. Qd2 Nc3 27. Ra3 Ne4 28. Qd3 Rxc1+ 29. Nxc1 Nc5 30. Qc4 Ne4 31. Nb3 Qd8 32. Nbxd4 Rc8 33. Qe2 Rc1+ 34. Kh2 Nc3 35. Qd2 Rd1 36. Qxc3 Nxd4 37. Nxd4 Qxh4+ 38. Qh3 Qxd4 39. Qg3 h4 40. Qe3 Qb4 41. Rc3 Qb1 42. g3 hxg3+ 43. Kxg3 Rg1+ 44. Kf3 Qf5+ 45. Ke2 Qh5+ 46. Kd3 Qd1+ 47. Qd2 Qxa4 48. Rc5 Rd1 0-1

[Event "Witney op 11th"]
[Site "Witney"]
[Date "2024.11.02"]
[Round "2"]
[White "Wastney, Dylan"]
[Black "Hertog, Alexander"]
[Result "1-0"]
[WhiteElo "1973"]
[BlackElo "2023"]
[PlyCount "81"]
[EventDate "2024.11.02"]
[EventType "swiss"]
[EventRounds "5"]
[EventCountry "ENG"]
[SourceTitle "CB45_2024"]
[Source "ChessBase"]
[SourceDate "2024.11.06"]
[SourceVersion "1"]
[SourceVersionDate "2024.11.06"]
[SourceQuality "1"]

1. e4 c6 2. Nc3 d5 3. Nf3 Bg4 4. h3 Bxf3 5. Qxf3 e6 6. d3 Nf6 7. Bd2 Nbd7 8. g4 h6 9. Bg2 Bd6 10. 0-0-0 d4 11. Nb1 b5 12. h4 h5 13. g5 Ng4 14. Qe2 Qb6 15. f3 Ne3 16. Bxe3 dxe3 17. d4 Qa5 18. d5 cxd5 19. exd5 Qxa2 20. dxe6 Qxe6 21. Bh3 Qe7 22. Rxd6 Qxd6 23. Rd1 Qc5 24. Bxd7+ Ke7 25. Bxb5 Rhd8 26. Re1 Kf8 27. Nc3 a6 28. Ba4 Rab8 29. Qxe3 Qb4 30. Bb3 Re8 31. Qf2 Qf4+ 32. Kb1 Rxe1+ 33. Qxe1 Qxf3 34. g6 fxg6 35. Qe6 Re8 36. Qg8+ Ke7 37. Nd5+ Kd8 38. Qxg7 Qg3 39. Ba4 Qe1+ 40. Ka2 Qe5 41. Qd7# 1-0

[Event "Newport op"]
[Site "Newport"]
[Date "2024.08.17"]
[Round "3"]
[White "Gillings, Matthew"]
[Black "Wastney, Dylan"]
[Result "1-0"]
[WhiteElo "1750"]
[BlackElo "1910"]
[PlyCount "147"]
[EventDate "2024.08.16"]
[EventType "swiss"]
[EventRounds "5"]
[EventCountry "WLS"]
[SourceTitle "EXT 2025"]
[Source "ChessBase"]
[SourceDate "2024.10.14"]
[SourceVersion "1"]
[SourceVersionDate "2024.10.14"]
[SourceQuality "1"]

1. c4 e6 2. g3 Nf6 3. Bg2 d5 4. Nf3 dxc4 5. 0-0 Be7 6. Na3 Bxa3 7. bxa3 0-0 8. Qc2 a6 9. Bb2 Nbd7 10. Qxc4 c5 11. Qc2 b5 12. Ne5 Nd5 13. Nxd7 Qxd7 14. Qxc5 Bb7 15. Qd4 f6 16. e4 e5 17. Qd3 Nb6 18. Qxd7 Nxd7 19. d4 exd4 20. Bxd4 Rfe8 21. f3 Rac8 22. Bh3 Rc7 23. Rac1 Rec8 24. Be3 Rxc1 25. Rxc1 Rxc1+ 26. Bxc1 Ne5 27. Be6+ Kf8 28. Kg2 Ke7 29. Bg8 h5 30. Bd2 Kf8 31. Bb3 Ke7 32. Bb4+ Kd7 33. Bc2 f5 34. h3 g5 35. Kf2 fxe4 36. fxe4 g4 37. h4 Nc4 38. Ke2 Ke6 39. Kd3 Ke5 40. Bc3+ Kd6 41. Kd4 Ne5 42. Bb4+ Ke6 43. Bb3+ Kf6 44. Be7+ Kxe7 45. Kxe5 Bc8 46. Kf4 Kf6 47. e5+ Kg6 48. Bc2+ Kh6 49. Bf5 Bb7 50. Ke3 Bd5 51. Bb1 Kg7 52. Kd4 Bc4 53. Kc5 Kf7 54. Kd6 a5 55. Bf5 Bxa2 56. e6+ Kf6 57. e7 Bf7 58. Bd7 b4 59. axb4 axb4 60. e8Q Bxe8 61. Bxe8 Kf5 62. Bxh5 b3 63. Bf7 b2 64. Ba2 Kg6 65. Ke5 Kh6 66. Kf4 Kh5 67. Bb1 Kh6 68. Kxg4 Kg7 69. Kg5 Kh8 70. Kh6 Kg8 71. g4 Kh8 72. g5 Kg8 73. g6 Kh8 74. g7+ 1-0

[Event "BCF-ch Atkins op"]
[Site "Hull"]
[Date "2024.07.26"]
[Round "1"]
[White "Wastney, Dylan"]
[Black "Rabbitte, Liam F"]
[Result "1-0"]
[WhiteElo "1878"]
[BlackElo "2055"]
[PlyCount "119"]
[EventDate "2024.07.26"]
[EventType "swiss"]
[EventRounds "5"]
[EventCountry "ENG"]
[SourceTitle "CBM 221 Extra"]
[Source "ChessBase"]
[SourceDate "2024.09.30"]
[SourceVersion "1"]
[SourceVersionDate "2024.09.30"]
[SourceQuality "1"]

1. e4 c6 2. Nc3 g6 3. d4 Bg7 4. Be3 d5 5. Qd2 Nf6 6. e5 Ng4 7. Bf4 h5 8. Nf3 Nh6 9. Bd3 Bf5 10. h3 Bxd3 11. Qxd3 e6 12. 0-0-0 Nd7 13. Rhg1 b5 14. g4 hxg4 15. hxg4 b4 16. Nb1 Qa5 17. Bd2 Qb6 18. Be3 c5 19. dxc5 Nxc5 20. Qd2 Rc8 21. b3 Qa5 22. Kb2 Ne4 23. Qd4 Qc7 24. Rc1 a5 25. Qb6 Qxb6 26. Bxb6 Ra8 27. c3 Ra6 28. Bd4 Kd7 29. c4 a4 30. cxd5 axb3 31. dxe6+ fxe6 32. Kxb3 Rf8 33. Nbd2 Ra3+ 34. Kxb4 Nxd2 35. Nxd2 Rxa2 36. Nc4 Rb8+ 37. Kc3 Bf8 38. Kd3 Rb3+ 39. Rc3 Rxc3+ 40. Kxc3 Kc6 41. f3 Bc5 42. Rh1 Ng8 43. Rh7 Bxd4+ 44. Kxd4 Ra8 45. Rg7 Rf8 46. Ke4 Kc5 47. Nd6 Nf6+ 48. exf6 Kxd6 49. Rxg6 Ra8 50. Kf4 Ra5 51. Rg8 e5+ 52. Kf5 e4+ 53. Kxe4 Ke6 54. g5 Ra4+ 55. Ke3 Kf7 56. Rg7+ Kf8 57. Rd7 Ke8 58. Re7+ Kf8 59. g6 Ra8 60. Rh7 1-0

[Event "BCF-ch U14 blitz"]
[Site "Hull"]
[Date "2024.07.25"]
[Round "1"]
[White "Wastney, Dylan"]
[Black "Patel, Diah Dipal"]
[Result "1-0"]
[WhiteElo "1884"]
[BlackElo "1553"]
[PlyCount "127"]
[EventDate "2024.07.25"]
[EventType "swiss (blitz)"]
[EventRounds "9"]
[EventCountry "ENG"]
[SourceTitle "CBM 221 Extra"]
[Source "ChessBase"]
[SourceDate "2024.09.30"]
[SourceVersion "1"]
[SourceVersionDate "2024.09.30"]
[SourceQuality "1"]

1. e4 e5 2. Nf3 Nc6 3. Bb5 a6 4. Ba4 b5 5. Bb3 Nf6 6. d3 d6 7. c3 g6 8. 0-0 Bg7 9. Re1 0-0 10. Nbd2 Bb7 11. Nf1 a5 12. a4 b4 13. Ng3 h6 14. h3 g5 15. Nf5 d5 16. exd5 Nxd5 17. Nxg7 Kxg7 18. Nxe5 Nxe5 19. Rxe5 Nf6 20. d4 Qd6 21. Re1 Qc6 22. f3 Rg8 23. Qd3 Rae8 24. Bd2 Ba6 25. Qf5 Re2 26. Rxe2 Bxe2 27. Re1 Re8 28. Qc5 Qxc5 29. dxc5 Rd8 30. Rxe2 Kf8 31. cxb4 axb4 32. Kf2 Rd3 33. Bc4 Rd8 34. b3 Nd5 35. Be3 Nxe3 36. Rxe3 Rd2+ 37. Re2 Rxe2+ 38. Kxe2 Ke7 39. Ke3 f6 40. Ke4 Kd7 41. Kf5 Kc6 42. Kxf6 Kxc5 43. Kg6 Kb6 44. Kxh6 c5 45. Kxg5 Kc6 46. h4 Kd7 47. Kg6 Ke7 48. Kg7 Ke8 49. h5 Ke7 50. h6 Kd6 51. h7 Ke5 52. h8Q Kd4 53. Kg6+ Ke3 54. Qe5+ Kf2 55. f4 Kxg2 56. f5 Kf3 57. f6 Kg4 58. Qf5+ Kg3 59. f7 Kg2 60. Qf4 Kg1 61. Qf3 Kh2 62. Qg4 Kh1 63. Bd5+ Kh2 64. Qg2# 1-0

[Event "BCF-ch U14 blitz"]
[Site "Hull"]
[Date "2024.07.25"]
[Round "6"]
[White "Wastney, Dylan"]
[Black "Zhu, Pengxiao"]
[Result "0-1"]
[WhiteElo "1884"]
[BlackElo "1944"]
[PlyCount "88"]
[EventDate "2024.07.25"]
[EventType "swiss (blitz)"]
[EventRounds "9"]
[EventCountry "ENG"]
[SourceTitle "CBM 221 Extra"]
[Source "ChessBase"]
[SourceDate "2024.09.30"]
[SourceVersion "1"]
[SourceVersionDate "2024.09.30"]
[SourceQuality "1"]

1. e4 e5 2. Nf3 Nc6 3. Bb5 a6 4. Ba4 Nf6 5. d3 b5 6. Bb3 Bc5 7. c3 d6 8. 0-0 0-0 9. Re1 Re8 10. Nbd2 d5 11. exd5 Nxd5 12. Nf1 h6 13. Ng3 a5 14. h3 a4 15. Bc2 Be6 16. Be3 Nxe3 17. fxe3 Qe7 18. d4 exd4 19. exd4 Rad8 20. Qe2 Bd6 21. Ne4 Bc4 22. Qf2 Bf4 23. Nh4 Bg5 24. Nf5 Qd7 25. Nxg5 hxg5 26. Qg3 f6 27. h4 Be6 28. Rf1 gxh4 29. Qxh4 Qf7 30. Rf3 Rd5 31. Rh3 Kf8 32. Qh8+ Qg8 33. Rf1 Bxf5 34. Bxf5 Nd8 35. Qh4 Nf7 36. Rg3 Ng5 37. Bd3 Ke7 38. Qg4 Kd8 39. Qf4 Qe6 40. Bf5 Qf7 41. Qd2 Rh8 42. Bd3 Qh5 43. Qf4 Qh2+ 44. Kf2 Nh3+ 0-1